| 000 | 02079nam a2200433 c 4500 | ||
|---|---|---|---|
| 003 | BLK | ||
| 005 | 20180422100026.0 | ||
| 008 | 180407b bul|||||r ||||||| ||bul|| | ||
| 010 | _aKNG00034256000 | ||
| 020 |
_a954-8023-58-Х _bиздат.: Слънце - на том(кн. 12) |
||
| 040 | _aBLK | ||
| 041 |
_aBUL _cBUL |
||
| 080 |
_a _b611/613 _x(031) _z611/613(031) |
||
| 700 | 1 |
_aДраганова, Любов Неделчева _eпрев. от фр. _9365585 |
|
| 700 | 1 |
_aВесел, Флоранс _eавт. на том _9271660 |
|
| 700 | 1 |
_aБазен, Дьониз _eил. на том _9271661 |
|
| 139 |
_aМоята първа енциклопедия _bМ 93 |
||
| 245 | 1 | 0 |
_aМоята първа енциклопедия _bКн. 1 - _cпрев. от фр. Любов Неделчева Драганова; авт. на том Флоранс Весел; ил. на том Дьониз Базен. _nКн. 12 _pТялото |
| 257 | _aGBR | ||
| 260 |
_аСофия _c1994 - |
||
| 300 | _c18 см | ||
| 380 | _aDN | ||
| 500 | _aПрев. oт фр. изд. Ma premiere encyclopedie на изд. Larousse ; Ориг. загл. на англ. ез. | ||
| 650 | 4 |
_aЧовешко тяло _9251064 |
|
| 650 | 4 |
_aАнатомия - на човека _9254168 |
|
| 650 | 4 |
_aФизиология - на човека - енциклопедии и справочници _9245768 |
|
| 653 | _aчовешко тяло | ||
| 653 | _aанатомия | ||
| 653 | _aфизиология | ||
| 653 | _aенциклопедии | ||
| 653 | _aлитература за деца | ||
| 653 | _aдетска литература | ||
| 760 | 1 |
_3- на том(кн. 12) _dСлънце, 1996 _h125 с. : с цв. ил. _nОриг. загл. Le Corps. - Авт. не са отбелязани на кор. ; Други авт. : Пиер-Оливие Веселр Жан-Батист Карланде. - 4 348 тир. _tКн. 12 Тялото |
|
| 852 | _aЦб І 27901 | ||
| 856 | 4 |
_qpdf _u |
|
| 856 | 4 |
_qpdf _u |
|
| 942 |
_cKNG _n0 |
||
| 944 |
_aCR _c15.01.2003 _lф / _kЛюдмила_Стоянова |
||
| 944 |
_aED _c17.08.2011 _lф / _k |
||
| 999 |
_c31606 _d31606 |
||